Oxford Advanced Learner's Dictionary (Record no. 900)

MARC details
005 - DATE AND TIME OF LATEST TRANSACTION
control field 20250318111329.0
020 ## - INTERNATIONAL STANDARD BOOK NUMBER
International Standard Book Number 0-19-431423-5
082 ## - DEWEY DECIMAL CLASSIFICATION NUMBER
Classification number 423 HOR
100 ## - MAIN ENTRY--PERSONAL NAME
Author name HORNBY, A. S.
245 ## - TITLE STATEMENT
Title Oxford Advanced Learner's Dictionary
250 ## - EDITION STATEMENT
Edition statement 7th Ed.
260 ## - PUBLICATION, DISTRIBUTION, ETC.
Place of publication, distribution, etc. New York,
Name of publisher, distributor, etc. Oxford University Press,
Date of publication, distribution, etc. 2005.
300 ## - PHYSICAL DESCRIPTION
Extent xii, 1780p.: figure, maps
Dimensions 23cm.
700 ## - ADDED ENTRY--PERSONAL NAME
Other authors/Editors WEHMEIER, A., McINTOSH, C., TURNBULL, J & ASHBY, M.
942 ## - ADDED ENTRY ELEMENTS (KOHA)
Source of classification or shelving scheme Dewey Decimal Classification
Koha item type Books
Holdings
Date last seen Total checkouts Full call number Barcode Cost, replacement price Price effective from Koha item type Lost status Source of classification or shelving scheme Damaged status Not for loan Withdrawn status Home library Current library Shelving location Date acquired Cost, normal purchase price
07/02/2025   423 HOR DOM0004623 150000.00 07/02/2025 Books   Dewey Decimal Classification       CBE Dodoma CBE Dodoma Reference Collection 07/01/2009 50000.00
03/18/2025   423 HOR 0000003577 150000.00 03/18/2025 Books   Dewey Decimal Classification       College of Business Education Main Library College of Business Education Main Library Reference Collection 03/18/2025 50000.00
03/19/2025   423 HOR 0000003698 150000.00 03/19/2025 Books   Dewey Decimal Classification       College of Business Education Main Library College of Business Education Main Library Reference Collection 03/19/2025 50000.00
03/19/2025   423 HOR 0000003699 150000.00 03/19/2025 Books   Dewey Decimal Classification       College of Business Education Main Library College of Business Education Main Library Reference Collection 03/19/2025 50000.00